| 000 | 00705cab a2200229 4500 | ||
|---|---|---|---|
| 001 | WB3214-34 | ||
| 008 | 090401t1996 xxu||||| |||| 00| 0 eng d | ||
| 035 | _a(Sirsi) u64798 | ||
| 041 | _aeng | ||
| 245 | _aLocal government change | ||
| 260 | _c1996 | ||
| 350 | _a0 | ||
| 490 |
_aDoE News Release _v(150) 28 March 1996, (2) |
||
| 520 | _aAdvice has been published for local planning authorities on how local government changes due on 1 April will affect the planning process. | ||
| 650 | _aGOVERNMENT POLICY | ||
| 650 | _aLOCAL GOVERNMENT CHANGES | ||
| 650 | _aPLANNING AUTHORITIES | ||
| 650 | _aPLANNING PROCESS | ||
| 690 | _aPLANNING LAW AND PRACTICE | ||
| 942 | _n0 | ||
| 948 | _c04/03/1997 | ||
| 999 |
_c40370 _d40370 |
||